| 000 | 00506nam a2200181Ia 4500 | ||
|---|---|---|---|
| 008 | 131103s9999 xx 000 0 und d | ||
| 040 | _aLoreto College | ||
| 041 | _aEnglish | ||
| 082 |
_a824.91/SYN _bLCLIB(press)/29924 |
||
| 100 | _aSynge, J.M. | ||
| 245 |
_aCollected works _cJ.M.Synge; edited by Alan Price |
||
| 260 |
_aLondon _bColin smythe _c1982 |
||
| 300 |
_a411p. _c 22cm. |
||
| 650 | _aEnglish literature - prose | ||
| 700 | _aPrice, Alan; ed. | ||
| 850 | _aLCLIB/824.91/SYN | ||
| 942 | _cBK | ||
| 999 |
_c24784 _d75263 |
||